000 00807nam a2200253 a 4500
005 20151120101404.0
008 140224b1998 ck ||||| |||| 00| 0 spa d
040 _aCO-BoIAVH
_cCO-BoIAVH
041 _aspa
044 _ack
090 _aLB
_b00861
110 _bAsociación Colombiana de Herbarios
_94352
245 _aBibliografía de apoyo al curso taller sobre la familia Labiatae
260 _aQuibdó
_bACH
_c1998
300 _a120 p.
650 _aReferencias Bibliográficas
_92837
650 _aClaves taxonómicas
_93514
650 _aInvestigación científica
_942397
650 _aPublicaciones
_942398
650 _aHerbarios
_942399
710 _a^aUniversidad Tecnológica del Chocó Diego Luis Córdoba
_99514
710 _a^aInstituto de Ciencias Naturales
_99515
942 _cINFORME
_2z
999 _c873
_d873